El Tesoro de los Piratas de Guayacán. Relación verídica
Zapisane w:
| 1. autor: | |
|---|---|
| Format: | Książka |
| Język: | hiszpański |
| Wydane: |
Santiago
Nascimento
1935
|
| Wydanie: | 1a. ed |
| Hasła przedmiotowe: | |
| Etykiety: |
Dodaj etykietę
Nie ma etykietki, Dołącz pierwszą etykiete!
|
MARC
| LEADER | 00000nam a2200000 a 4500 | ||
|---|---|---|---|
| 001 | UCJ6750 | ||
| 003 | CL-VaPUC | ||
| 008 | 070124e19350000CL |||||||||||||||||spa|d | ||
| 082 | 0 | 4 | |a 983 |b LAT |2 21 |
| 100 | |a Latcham Cartwright, Ricardo Eduardo |e author |9 320332 | ||
| 245 | 1 | 3 | |a El Tesoro de los Piratas de Guayacán. Relación verídica |
| 250 | |a 1a. ed | ||
| 300 | |a 178 p | ||
| 942 | |c BK | ||
| 945 | |d 20070124 00:00:00 |a rinostro | ||
| 260 | |a Santiago |b Nascimento |c 1935 | ||
| 500 | |a Mapas e ilustraciones, sin indizar | ||
| 600 | 0 | |a Drake, Francis |9 468873 | |
| 600 | 0 | 7 | |a COHE, ARTURO |2 CL-VaPUC |9 514019 |
| 600 | 0 | 7 | |a SADEN, MADEL |2 CL-VaPUC |9 514020 |
| 600 | 0 | 7 | |a DEUL, SUBATOL |2 CL-VaPUC |9 514021 |
| 600 | 0 | 7 | |a DAYO, RUHUAL |2 CL-VaPUC |9 514022 |
| 650 | 7 | |a PIRATAS |2 CL-VaPUC |9 317855 | |
| 650 | 7 | |a DOCUMENTOS HISTORICOS |2 CL-VaPUC |9 438868 | |
| 650 | 0 | |a Mapas |9 260844 | |
| 650 | 0 | |a Ilustraciones |9 369481 | |
| 651 | 0 | |a Coquimbo, Chile |9 319271 | |
| 651 | 7 | |a GUAYACAN |2 CL-VaPUC |9 514023 | |
| 583 | |a last modification |c 20131003 03:54:39 |k Rodrigo Vera | ||
| 999 | |c 322852 |d 322850 | ||
| 952 | |0 0 |1 0 |4 0 |6 983_000000000000000_LAT_1935 |7 0 |8 X |9 401977 |a FDOBUD |b FDOBUD |d 2019-11-22 |i 105239K |o 983 LAT 1935 |p 105239K |r 2019-11-22 |w 2019-11-22 |y BK_X |k BUD | ||